LIBRARY & INFORMATION CENTRE, KCAET, TAVANUR

ONLINE PUBLIC ACCESS CATALOGUE (OPAC)

Principles of agricultural engineering, Vol 1 / (Record no. 9634)

MARC details
000 -LEADER
fixed length control field 00606cam a2200253ua 4500
041 ## - LANGUAGE CODE
Language code of text/sound track or separate title eng
082 ## - DEWEY DECIMAL CLASSIFICATION NUMBER
Classification number 630.1
Item number MIC/PR
100 ## - MAIN ENTRY--AUTHOR NAME
Personal name Michael, A.M.
245 ## - TITLE STATEMENT
Title Principles of agricultural engineering, Vol 1 /
250 ## - EDITION STATEMENT
Edition statement 2 /
260 ## - PUBLICATION, DISTRIBUTION, ETC. (IMPRINT)
Place of publication New Delhi :
Name of publisher Jain Brothers ,
Year of publication 1992.
300 ## - PHYSICAL DESCRIPTION
Number of Pages 638 ; .
500 ## - GENERAL NOTE
General note * CSS
700 1# - ADDED ENTRY--PERSONAL NAME
Personal name Ojha, T.P.
942 ## - ADDED ENTRY ELEMENTS (KOHA)
Koha item type Books
Holdings
Withdrawn status Lost status Damaged status Home library Current library Date acquired Full call number Accession Number Koha item type Shelving location
      KAUAET KAUAET 07/04/2012 631.1 MIC/PR 20716 Books  
      KAUAET KAUAET 14/09/2018 630.1 MIC/PR 18352 Book Bank scheme for SC students Scheme
      KAUAET KAUAET 14/09/2018 630.1 MIC/PR 17879 Book Bank scheme for SC students Scheme
      KAUAET KAUAET 14/09/2018 630.1 MIC/PR 18353 Book Bank scheme for SC students Scheme
free website counter